Представление документа в формате MARC21

Поле Инд. ПП Название Значение
Тип записи a
Библиографический уровень m
001 Контрольный номер RU/IS/BASE/254242148
005 Дата корректировки 20230117115002.1
040 b Код языка каталог. rus
041 0_ a Код языка текста rus
080 a Индекс УДК 821.161.1
084 a Индекс другой классификации/Индекс ББК 84(2Рос=Рус)6
090 00 a Полочн. индекс 84(2Рос=Рус)6
x Авторский знак Г69
097 b Оператор 12
100 10 a Автор Горин Г. И.
245 00 a Заглавие Антология сатиры и юмора ХХ века
n Номер части/ раздела Т. 6
260 00 a Место издания М.
b Издательство Эксмо-Пресс
c Дата издания 2000
300 00 a Объем 736 с.
510 0_ a Примечание о ссылках Книги и методические пособия
650 04 a Основная рубрика 17.82 Произведения художественной литературы
x Основная подрубрика 17.82.70 Юмор, сатира, пародия
653 0_ a Ключевые слова рассказы
901 t Тип документа m